Эксплуатация и ремонт сельскохозяйственной техники / (Record no. 247890)
[ view plain ]
| 000 -LEADER | |
|---|---|
| fixed length control field | 01116nam a2200229 u 4500 |
| 001 - CONTROL NUMBER | |
| control field | 000669888 |
| 003 - CONTROL NUMBER IDENTIFIER | |
| control field | AM-YeHGA |
| 005 - DATE AND TIME OF LATEST TRANSACTION | |
| control field | 20250617141925.0 |
| 008 - FIXED-LENGTH DATA ELEMENTS--GENERAL INFORMATION | |
| fixed length control field | 090625s1973 ai | |||||||||||||rus|d |
| 040 ## - CATALOGING SOURCE | |
| Original cataloging agency | AM-YeHGA |
| 041 0# - LANGUAGE CODE | |
| Language code of text/sound track or separate title | rus |
| 090 ## - LOCALLY ASSIGNED LC-TYPE CALL NUMBER (OCLC); LOCAL CALL NUMBER (RLIN) | |
| -- | 249481 |
| 245 00 - TITLE STATEMENT | |
| Title | Эксплуатация и ремонт сельскохозяйственной техники / |
| Statement of responsibility, etc. | Азово-Черномор. ин-т механиз. с.-х.; Ред. кол. А.И. Елецкий, М.Ф. Козликов и др. |
| 260 ## - PUBLICATION, DISTRIBUTION, ETC. | |
| Place of publication, distribution, etc. | Ростов : |
| Name of publisher, distributor, etc. | Изд-во Рост. ун-та, |
| Date of publication, distribution, etc. | 1973. |
| 300 ## - PHYSICAL DESCRIPTION | |
| Extent | Вып. ; |
| Dimensions | 20 см. |
| 505 10 - FORMATTED CONTENTS NOTE | |
| Miscellaneous information | Вып. 2 (1973, 230 с., табл., рис.) |
| -- | Вып. 3 (1976, 164 с.табл., рис.) |
| 650 14 - SUBJECT ADDED ENTRY--TOPICAL TERM | |
| Topical term or geographic name entry element | Сельскохозяйственные машины и орудия |
| 650 14 - SUBJECT ADDED ENTRY--TOPICAL TERM | |
| Topical term or geographic name entry element | Механизация сельского хозяйства |
| 700 1# - ADDED ENTRY--PERSONAL NAME | |
| Personal name | Елецкий, А.И. |
| Relator term | ред. |
| Relationship | edt |
| 700 1# - ADDED ENTRY--PERSONAL NAME | |
| Personal name | Козликов, М.Ф. |
| Relator term | ред. |
| Relationship | edt |
| 710 2# - ADDED ENTRY--CORPORATE NAME | |
| Corporate name or jurisdiction name as entry element | Азово-Черноморский институт механизации сельского хозяйства |
| Withdrawn status | Lost status | Damaged status | Not for loan | Collection | Home library | Current library | Date acquired | Total checkouts | Full call number | Barcode | Date last seen | Price effective from | Koha item type | Public note | Serial enumeration / chronology |
|---|---|---|---|---|---|---|---|---|---|---|---|---|---|---|---|
| General | Fundamental Scientific Library | Fundamental Scientific Library | 29/12/2016 | PII/316451 | FL0226271 | 29/12/2016 | 29/12/2016 | Գրքեր / Books | 30 Days Loan | ||||||
| General | Fundamental Scientific Library | Fundamental Scientific Library | 29/12/2016 | PII/398066 | FL0404789 | 29/12/2016 | 29/12/2016 | Գրքեր / Books | 30 Days Loan | Вып. 3 | |||||
| General | Fundamental Scientific Library | Fundamental Scientific Library | 29/12/2016 | PII/403965 | FL0418576 | 29/12/2016 | 29/12/2016 | Գրքեր / Books | 30 Days Loan | Вып. 4 |
ՀՀ Գիտությունների ազգային ակադեմիայի հիմնարար գիտական գրադարան = Fundamental Scientific Library of NAS RA
All site content, except where otherwise noted, is licensed under a